000
00357nam a2200145Ia 4500
008
231129s1994||||xx |||||||||||||| ||spa||
020
_a
968-24-4929-4
040
_b
spa
082
_a
616.61 C957d
100
_a
Cruz Cosme
245
0
_a
Diálisis peritoneal
260
_c
1994
264
_a
Trillas
942
_2
ddc
_c
BKS
999
_c
9180
_d
9180